000 00982pam a2200217 a 4500
020 _a0784401233
082 0 0 _a624.15136
_bSOL
_cL-39, P-188
245 0 0 _aSoil improvement for earthquake hazard mitigation :
_bproceedings of sessions sponsored by the Soil Improvement and Geosynthetics Committees of the Geotechnical Engineering Division of the American Society of Civil Engineers in conjunction with the ASCE National Convention, San Diego, California, October 22-26, 1995 /
_cedited by Roman D. Hryciw.
260 _aNew York :
_bThe Society,
_cc1995.
300 _avii, 141 p. :
_bill., maps ;
_c22 cm.
526 _a0
_b0
_c0
_d624_151360000000000_SOL
650 0 _aEarthquake engineering
650 0 _aHazard mitigation
_930334
650 0 _aMCE
_9379
650 0 _aSoil liquefaction
_924576
650 0 _aSoil mechanics
650 0 _aSoil stabilization
_913080
700 1 _aHryciw, Roman D.
_946615
710 2 _aAmerican Society of Civil Engineers.
_9702
942 _2ddc
_cBK
999 _c549909
_d549909